[Event "ch-LAT 2017"]
[Site "Riga LAT"]
[Date "2017.05.03"]
[Round "5.14"]
[White "Polyakov,Fedor"]
[Black "Kolasa,Pjotrs"]
[Result "1-0"]
[WhiteElo "2086"]
[BlackElo "1936"]

1.d4 d5 2.c4 c6 3.Nc3 Nf6 4.Nf3 e6 5.cxd5 exd5 6.Bg5 h6 7.Bh4 Bf5 8.e3 Nbd7
9.Bd3 Bxd3 10.Qxd3 Bd6 11.O-O-O Bb4 12.Nd2 Qb6 13.e4 O-O 14.e5 Bxc3 15.bxc3
Nh7 16.Qc2 c5 17.Qb2 cxd4 18.cxd4 Qg6 19.Qb3 Rfc8+ 20.Kb2 Nb6 21.Rc1 Qg4
22.Nf3 Nc4+ 23.Ka1 b6 24.h3 Qd7 25.g4 Nf8 26.Bg3 a5 27.Bf4 a4 28.Qb4 a3 29.Qb3
Ra5 30.Rb1 Ne6 31.Be3 Nc7 32.Nd2 Rb5 33.Qd3 Rxb1+ 34.Rxb1 Ne6 35.f4 Qa4
36.Nxc4 Rxc4 37.Rxb6 g6 38.Qb3 Qa5 39.Rb8+ Kg7 40.Qd3 Qe1+ 41.Rb1 Qg3 42.Qd2
Qxh3 43.f5 Ng5 44.fxg6 Ne4 45.Qe2 Nc3 46.Qf2 Kxg6 47.Qf6+ Kh7 48.Qxf7+ Kh8
49.Rb8+ {#r} 1-0

[Event "ch-LAT 2017"]
[Site "Riga LAT"]
[Date "2017.05.03"]
[Round "5.16"]
[White "Avotins,Maigonis"]
[Black "Horobrijs,Daniils"]
[Result "1-0"]
[WhiteElo "1972"]
[BlackElo "1826"]

1.e4 c5 2.Nf3 d6 3.d4 cxd4 4.Nxd4 Nf6 5.Nc3 a6 6.f3 e5 7.Nb3 Be7 8.Be3 h5
9.Qd2 Be6 10.Nd5 Nxd5 11.exd5 Bf5 12.Bd3 Bxd3 13.Qxd3 O-O 14.g4 Bh4+ 15.Kd2
hxg4 16.fxg4 Nd7 17.Raf1 Rc8 18.Kc1 Nb6 19.Kb1 Nc4 20.Bc1 Bg5 21.Rf5 Bxc1
22.Rxc1 g6 23.Rf3 Qg5 24.Rcf1 a5 25.R1f2 e4 26.Qxe4 a4 27.Nc1 Nd2+ 28.Rxd2
Qxd2 29.Qxa4 Qxd5 30.Qf4 Qc4 31.Qd2 Qxg4 32.Rg3 Qf5 33.h4 Rc6 34.Nd3 Qf1+
35.Nc1 Qf5 36.Nd3 Re8 37.Rg1 Rec8 38.c3 Rc5 39.Kc2 Rd5 40.Re1 Re5 41.Rg1 Rce8
42.Rg2 Re3 43.h5 {#r} 1-0

[Event "Nakhchivan Open 2017"]
[Site "Nakhchivan AZE"]
[Date "2017.05.03"]
[Round "1.6"]
[White "Tutisani,Noe"]
[Black "Maiorov,N1"]
[Result "0-1"]
[WhiteElo "2347"]
[BlackElo "2527"]

1.e4 e5 2.Nf3 Nc6 3.Bb5 a6 4.Ba4 Nf6 5.O-O Be7 6.Re1 b5 7.Bb3 d6 8.c3 O-O 9.h3
Nb8 10.d4 Nbd7 11.Nbd2 Bb7 12.a4 c5 13.d5 c4 14.Bc2 Qc7 15.Nf1 Rfb8 16.Ne3 g6
17.Ng4 Nxg4 18.hxg4 Bc8 19.Nh2 Nc5 20.a5 b4 21.cxb4 Rxb4 22.Ra3 Qd8 23.Nf1 Bd7
24.Ne3 Nb3 25.Bxb3 cxb3 26.Qf3 Rc8 27.Bd2 Rb7 28.g3 Bg5 29.Kg2 Rc2 30.Nxc2
Bxd2 31.Rxb3 Bxg4 32.Qd3 Rxb3 33.Qxb3 Bxe1 34.Nxe1 Qxa5 35.Qb8+ Kg7 36.Nc2 Qa4
37.Ne3 Qxe4+ 38.Kh2 Bf3 39.Qxd6 Qd4 40.Qe7 h6 41.d6 Bc6 {#R} 0-1

[Event "Nakhchivan Open 2017"]
[Site "Nakhchivan AZE"]
[Date "2017.05.03"]
[Round "1.8"]
[White "Muradli,Mahammad"]
[Black "Malakhatko,V"]
[Result "0-1"]
[WhiteElo "2325"]
[BlackElo "2487"]

1.d4 e6 2.c4 Bb4+ 3.Bd2 a5 4.Nf3 Nf6 5.g3 O-O 6.Bg2 d5 7.a3 Bxd2+ 8.Nfxd2 Nc6
9.e3 e5 10.cxd5 Nxd5 11.dxe5 Nxe5 12.O-O c6 13.Qc2 Nb6 14.Nb3 Qd3 15.Qc3 Nbc4
16.Ra2 Rd8 17.Nc5 Qxc3 18.Nxc3 Nd2 19.Rc1 b6 20.N5e4 Be6 21.b3 Nxb3 22.Rb1 h6
23.f4 Ng4 24.f5 Bc4 25.Nf2 Nxe3 26.Bxc6 Rac8 27.Re1 Nd4 28.Rb2 Ndc2 {#R} 0-1

[Event "Nakhchivan Open 2017"]
[Site "Nakhchivan AZE"]
[Date "2017.05.03"]
[Round "1.10"]
[White "Gasimov,Parviz"]
[Black "Khamrakulov,D"]
[Result "1-0"]
[WhiteElo "2318"]
[BlackElo "2476"]

1.e4 c6 2.d4 d5 3.Nc3 dxe4 4.Nxe4 Bf5 5.Ng3 Bg6 6.h4 h6 7.Nf3 Nd7 8.h5 Bh7
9.Bd3 Bxd3 10.Qxd3 e6 11.Bf4 Qa5+ 12.Bd2 Bb4 13.c3 Be7 14.c4 Qb6 15.O-O-O Ngf6
16.Rhe1 Rd8 17.Kb1 O-O 18.Nf5 exf5 19.Rxe7 Ne4 20.Qa3 c5 21.Ba5 Qd6 22.Bxd8
Rxd8 23.Rxd7 Qxd7 24.Qxa7 Nxf2 25.Rf1 Ne4 26.d5 f4 27.Re1 Re8 28.Ka1 Qg4
29.Qa4 Kf8 30.Qc2 Qxh5 31.a3 f5 32.Qb3 Qg6 33.Qxb7 Qxg2 34.Rg1 Qg4 35.Rxg4
fxg4 36.Nh4 Nd6 37.Qd7 Kg8 38.Qxd6 f3 39.Qg6 {#r} 1-0

[Event "11th Agzamov Mem 2017"]
[Site "Tashkent UZB"]
[Date "2017.05.03"]
[Round "2.2"]
[White "Gagunashvili,M"]
[Black "Sattarov,B"]
[Result "0-1"]
[WhiteElo "2573"]
[BlackElo "2324"]

1.e4 e5 2.Nf3 Nc6 3.Bc4 Bc5 4.c3 Nf6 5.d3 a6 6.O-O Ba7 7.d4 d6 8.Re1 O-O 9.Bg5
Bg4 10.d5 Ne7 11.Bxf6 gxf6 12.h3 Bd7 13.Nbd2 Kh8 14.Nh4 Ng6 15.Nxg6+ fxg6
16.Nf3 f5 17.Bd3 Qf6 18.c4 a5 19.b3 f4 20.Be2 Rg8 21.a3 Rg7 22.b4 g5 23.Nd2 g4
24.Bxg4 Qh4 25.c5 Bxg4 26.hxg4 Rxg4 {#R} 0-1

[Event "11th Agzamov Mem 2017"]
[Site "Tashkent UZB"]
[Date "2017.05.03"]
[Round "2.3"]
[White "Urazayev,Arystanbek"]
[Black "Bortnyk,Olexandr"]
[Result "0-1"]
[WhiteElo "2342"]
[BlackElo "2567"]

1.e4 e5 2.Nf3 Nc6 3.Nc3 Nf6 4.g3 d5 5.exd5 Nxd5 6.Bg2 Nxc3 7.bxc3 Bd6 8.O-O
O-O 9.d3 h6 10.Rb1 Rb8 11.Nd2 Be6 12.c4 Qd7 13.Ne4 Be7 14.Be3 b6 15.Nc3 Nd4
16.Nd5 Bd6 17.Bxd4 exd4 18.Qd2 b5 19.Qa5 c6 20.Nb4 Rb6 21.Na6 Qb7 22.cxb5 Rxb5
23.Rxb5 Qxb5 24.Qxb5 cxb5 25.Rb1 Rc8 26.Nb4 Bd7 27.Rb2 a5 28.Nd5 Ba3 29.Rb3
Rxc2 30.h4 Rc1+ 31.Kh2 b4 32.Nb6 Be6 {#R} 0-1

[Event "11th Agzamov Mem 2017"]
[Site "Tashkent UZB"]
[Date "2017.05.03"]
[Round "2.4"]
[White "Stupak,K"]
[Black "Abdisalimov,Abdimalik"]
[Result "1-0"]
[WhiteElo "2560"]
[BlackElo "2300"]

1.d4 Nf6 2.c4 e6 3.g3 d5 4.Bg2 Bb4+ 5.Nc3 O-O 6.cxd5 exd5 7.e3 c6 8.Ne2 Re8
9.O-O Bd6 10.Qc2 Nbd7 11.Bd2 b6 12.e4 Ba6 13.e5 Nxe5 14.dxe5 Bxe5 15.Rfe1 d4
16.Bxc6 dxc3 17.Nxc3 Bxc3 18.Bxc3 Rxe1+ 19.Rxe1 Rc8 20.Qa4 Qd3 21.Bg2 Qc4
22.Qa3 Re8 23.Rc1 Ne4 24.Re1 Nf6 25.Rxe8+ Nxe8 26.h3 Qe2 27.Qa4 Nf6 28.Qc6
Qd1+ 29.Kh2 Qd7 30.Qa8+ Bc8 31.Bc6 Qxh3+ 32.Kg1 Nh5 33.Be5 {#r} 1-0

[Event "11th Agzamov Mem 2017"]
[Site "Tashkent UZB"]
[Date "2017.05.03"]
[Round "2.5"]
[White "Nigmatov,Ortik"]
[Black "Kotsur,P"]
[Result "0-1"]
[WhiteElo "2331"]
[BlackElo "2552"]

1.e4 e6 2.d4 d5 3.Nd2 Be7 4.Ngf3 Nf6 5.e5 Nfd7 6.Bd3 c5 7.c3 Nc6 8.O-O a5
9.Re1 cxd4 10.cxd4 Qb6 11.Nb1 Nxd4 12.Nxd4 Qxd4 13.Nc3 Bc5 14.Be3 Qh4 15.Nb5
O-O 16.g3 Qe7 17.Rc1 b6 18.Bf4 f6 19.exf6 Nxf6 20.Qe2 Ba6 21.Nc7 Bxd3 22.Qxd3
Rac8 23.Nxe6 Bxf2+ 24.Kxf2 Rxc1 25.Rxc1 Qxe6 26.Kg1 Ne4 27.Be3 Rf3 28.Rf1 Nc5
29.Bxc5 Rxf1+ 30.Kxf1 bxc5 31.Qb5 Qf5+ 32.Ke1 h6 33.Qxc5 Qb1+ 34.Ke2 Qxb2+
35.Ke3 Qe5+ 36.Kd2 Qg5+ 37.Kd3 Qf5+ 38.Kd2 a4 39.Qa7 Qe4 40.Qb7 Kh7 41.Qc8 d4
42.Qc2 Qxc2+ 43.Kxc2 Kg6 44.Kd3 Kf5 45.Kxd4 Kg4 46.Ke3 Kh3 47.Kf3 g5 48.a3
Kxh2 {#R} 0-1

[Event "11th Agzamov Mem 2017"]
[Site "Tashkent UZB"]
[Date "2017.05.03"]
[Round "2.6"]
[White "Vakhidov,J"]
[Black "Mamyrbay,Assad"]
[Result "0-1"]
[WhiteElo "2542"]
[BlackElo "2298"]

1.Nf3 Nf6 2.c4 c5 3.Nc3 Nc6 4.g3 d5 5.cxd5 Nxd5 6.Bg2 g6 7.Ng5 e6 8.d3 Bg7
9.Bd2 O-O 10.Nge4 b6 11.O-O h6 12.f4 Bb7 13.Nf2 Nde7 14.a3 Qd7 15.Qa4 Rfd8
16.Rab1 Rac8 17.Rfd1 Nd4 18.Qxd7 Rxd7 19.Bxb7 Rxb7 20.g4 Nb3 21.Be1 f5 22.e3
b5 23.Kg2 b4 24.axb4 cxb4 25.Na4 Rc6 26.d4 Nd5 27.Kf3 Bf8 28.gxf5 gxf5 29.Nd3
Ra6 30.Nac5 {#R} 0-1

[Event "11th Agzamov Mem 2017"]
[Site "Tashkent UZB"]
[Date "2017.05.03"]
[Round "2.8"]
[White "Rasulov,Vu"]
[Black "Ziatdinov,R"]
[Result "0-1"]
[WhiteElo "2506"]
[BlackElo "2291"]

1.Nf3 d5 2.g3 Nf6 3.Bg2 Nc6 4.d4 b5 5.O-O e6 6.Ne5 Nxe5 7.dxe5 Nd7 8.e4 c6
9.exd5 cxd5 10.Qe2 Qb6 11.Nd2 Ba6 12.Rd1 b4 13.Qe1 Rc8 14.c4 Bxc4 15.Nxc4 Rxc4
16.Bf4 Bc5 17.Qe2 O-O 18.Rd2 Rc8 19.Rad1 Nf8 20.b3 Rc3 21.g4 Ng6 22.Bg3 Be7
23.Bf1 Bg5 24.Rd4 a5 25.f4 Nxf4 26.Qa6 Qxa6 27.Bxa6 R8c6 28.Bb5 R6c5 {#R} 0-1

[Event "11th Agzamov Mem 2017"]
[Site "Tashkent UZB"]
[Date "2017.05.03"]
[Round "2.9"]
[White "Tokhirjonova,Gulrukhbegim"]
[Black "Kotanjian,T"]
[Result "0-1"]
[WhiteElo "2299"]
[BlackElo "2471"]

1.e4 c5 2.Nf3 d6 3.d4 cxd4 4.Nxd4 Nf6 5.Nc3 e6 6.h3 a6 7.g4 Be7 8.Bg2 Nfd7
9.Be3 Nc6 10.Qe2 O-O 11.O-O-O Rb8 12.f4 Nxd4 13.Bxd4 b5 14.e5 d5 15.Qf2 b4
16.Ne2 a5 17.Kb1 Qc7 18.Rc1 a4 19.Rhe1 a3 20.f5 axb2 21.Kxb2 Re8 22.f6 Bf8
23.fxg7 Bxg7 {#R} 0-1

[Event "ch-SRB Junior 2017"]
[Site "Belgrade SRB"]
[Date "2017.05.03"]
[Round "9.2"]
[White "Sevkusic,Uros"]
[Black "Ivic,Velimir"]
[Result "0-1"]
[WhiteElo "1906"]
[BlackElo "2354"]

1.e4 c5 2.Nf3 e6 3.c4 b6 4.Nc3 Bb7 5.g3 Nf6 6.d3 d5 7.exd5 exd5 8.Bg2 d4 9.Ne2
Be7 10.O-O O-O 11.Ne5 Bxg2 12.Kxg2 Bd6 13.Nf3 Nc6 14.Bg5 h6 15.Bxf6 Qxf6
16.Nd2 Qg6 17.Ne4 Bc7 18.f4 f5 19.Nf2 Rae8 20.Qd2 Re7 21.Rae1 Rfe8 22.Ng1 Bxf4
23.Qd1 Be3 24.Nf3 Ne5 25.Nxe5 Rxe5 26.Nh3 Qc6+ 27.Qf3 Qa4 28.g4 Qc2+ 29.Kh1
Bg1 30.Rxg1 Rxe1 31.Qd5+ Kh8 32.Qxf5 R1e2 {#R} 0-1

[Event "Zonal 2.5 2017"]
[Site "Villa Martelli ARG"]
[Date "2017.05.03"]
[Round "4.1"]
[White "Peralta,Fe"]
[Black "Mareco,S"]
[Result "0-1"]
[WhiteElo "2565"]
[BlackElo "2655"]

1.d4 Nf6 2.c4 e6 3.Nc3 Bb4 4.e3 d5 5.Nf3 O-O 6.Bd3 c5 7.cxd5 exd5 8.dxc5 Bxc5
9.O-O a6 10.b3 Nc6 11.Bb2 Bg4 12.Rc1 Qd6 13.h3 Bh5 14.Be2 Rad8 15.Nh4 Bg6
16.Nxg6 hxg6 17.Bf3 Ba7 18.Ne2 Rfe8 19.Nd4 Bb8 20.g3 Rxe3 21.Nxc6 bxc6 22.Bxf6
gxf6 23.fxe3 Qxg3+ 24.Bg2 Qh2+ 25.Kf2 Qg3+ 26.Kg1 Qh2+ 27.Kf2 Bg3+ 28.Kf3 Bh4
29.Qd4 Qg3+ 30.Ke2 Qxg2+ 31.Kd3 Qxh3 32.Rh1 Qf5+ 33.Kc3 Bg5 34.Kb2 Qe6 35.Rc2
Bxe3 36.Qh4 Kf8 37.Kb1 d4 38.Qg3 Qd6 39.Qf3 Qd5 40.Qh3 c5 41.Rf1 f5 42.Qh4 d3
43.Rh2 d2 44.Rd1 Qd3+ 45.Kb2 Qd4+ {#R} 0-1

[Event "Zonal 2.5 2017"]
[Site "Villa Martelli ARG"]
[Date "2017.05.03"]
[Round "4.3"]
[White "Slipak,S"]
[Black "Krysa,L"]
[Result "0-1"]
[WhiteElo "2465"]
[BlackElo "2517"]

1.e4 c5 2.Nc3 Nc6 3.f4 g6 4.Nf3 Bg7 5.Bb5 Nd4 6.O-O e6 7.e5 a6 8.Bd3 f5 9.b3
d6 10.Bb2 Ne7 11.Ne2 Nxf3+ 12.Rxf3 Nc6 13.Re3 O-O 14.Qe1 b5 15.a4 Rb8 16.axb5
axb5 17.c4 dxe5 18.cxb5 exf4 19.Bxg7 fxe3 20.Bxf8 Qxd3 21.dxe3 Qxe3+ 22.Kf1
Rxb5 23.Bd6 Bb7 24.Nf4 Rxb3 25.Qxe3 Rxe3 26.Bxc5 Re4 27.Nd3 Kf7 28.Bf2 Kf6
29.Nc5 Rb4 30.Rd1 Bc8 31.Rd6 Ne7 32.Bd4+ Kf7 33.Nd3 Ba6 34.Rxa6 Rxd4 35.Nc5 e5
36.Ne6 Rd1+ 37.Ke2 Rh1 38.h3 h6 39.Nd8+ Ke8 40.Ra8 Kd7 41.Nf7 e4 42.Nxh6 Rb1
43.Ke3 Nd5+ 44.Kd4 Rd1+ 45.Kc5 e3 46.Nf7 e2 47.Ne5+ Ke7 48.Nf3 Nf4 49.Ra7+ Kf6
50.g4 Ne6+ {#R} 0-1

[Event "Zonal 2.5 2017"]
[Site "Villa Martelli ARG"]
[Date "2017.05.03"]
[Round "4.4"]
[White "Real de Azua,E"]
[Black "Cimer,Emanuel"]
[Result "1-0"]
[WhiteElo "2478"]
[BlackElo "2258"]

1.e4 c5 2.Nf3 d6 3.d4 cxd4 4.Nxd4 Nf6 5.Nc3 g6 6.Be3 Bg7 7.f3 O-O 8.Qd2 Nc6
9.O-O-O Nxd4 10.Bxd4 Be6 11.Kb1 Qc7 12.g4 Rfc8 13.h4 Qa5 14.a3 Rab8 15.h5 b5
16.h6 Bh8 17.g5 Ne8 18.Nd5 Qd8 19.Bxa7 Bxd5 20.exd5 Rb7 21.Bd4 Bxd4 22.Qxd4
Qc7 23.c3 Qc5 24.Bh3 Qxd4 25.Rxd4 Rc5 26.Re1 Kf8 27.f4 Nc7 28.Red1 Na8 29.Rf1
Kg8 30.f5 gxf5 31.Bxf5 Rb8 32.Re4 Rc7 33.Ref4 Nb6 34.Be4 Rf8 35.g6 hxg6
36.Bxg6 f6 37.Bf5 Kh8 38.Be6 Na4 39.Rg4 Nc5 40.Bf5 e5 41.dxe6 Nb3 42.Kc2 Na5
43.Rfg1 Nc4 44.R1g3 Re8 45.h7 Rcc8 46.e7 Rb8 47.Rg8+ {#r} 1-0

[Event "Zonal 2.5 2017"]
[Site "Villa Martelli ARG"]
[Date "2017.05.03"]
[Round "4.6"]
[White "Scarella,E"]
[Black "Valerga,D"]
[Result "0-1"]
[WhiteElo "2335"]
[BlackElo "2460"]

1.d4 Nf6 2.Nf3 e6 3.c4 Bb4+ 4.Bd2 c5 5.Bxb4 cxb4 6.g3 O-O 7.Bg2 d6 8.O-O Re8
9.a3 Nc6 10.Nbd2 bxa3 11.Rxa3 e5 12.d5 Nb4 13.Qb3 a5 14.e4 Nd7 15.Ne1 Nc5
16.Qe3 Bd7 17.Nb3 Nxb3 18.Rxb3 Rc8 19.Rc3 Rc5 20.f4 f6 21.Rf2 exf4 22.gxf4 b5
23.Qd4 Rxc4 24.Rxc4 bxc4 25.Nc2 Nd3 26.Rf1 Qb8 27.Qxc4 Nxb2 28.Qd4 Qb3 29.Rf2
a4 30.Qa7 Bc8 31.Bf3 Nd3 32.Bh5 g6 33.Nd4 Qb7 34.Qxa4 Bd7 35.Qc2 Nxf2 {#R} 0-1

[Event "Zonal 2.5 2017"]
[Site "Villa Martelli ARG"]
[Date "2017.05.03"]
[Round "4.9"]
[White "Bitelmajer,M"]
[Black "Villca,Julian"]
[Result "1-0"]
[WhiteElo "2440"]
[BlackElo "2137"]

1.d4 Nf6 2.c4 c5 3.d5 b5 4.cxb5 a6 5.e3 Bb7 6.Nc3 Qa5 7.Bd2 axb5 8.Bxb5 Qb6
9.Bc4 e6 10.Qb3 Qxb3 11.Bxb3 exd5 12.Nge2 Na6 13.O-O Bd6 14.Rfd1 c4 15.Bc2 O-O
16.Rac1 Rac8 17.Be1 Bb8 18.f3 Bc6 19.g4 Ba7 20.Bf2 Rce8 21.Nd4 Rb8 22.b3 Nb4
23.bxc4 dxc4 24.Nxc6 dxc6 25.e4 Bxf2+ 26.Kxf2 Ra8 27.a4 c5 28.Bb1 Rfb8 29.e5
Ne8 30.Be4 Ra7 31.Rd2 Re7 32.f4 g5 33.Nd5 Nxd5 34.Rxd5 Rb4 35.f5 h5 36.Rxc5
Nf6 37.Bf3 Rb2+ 38.Kg1 Nd7 39.Rc8+ Kh7 40.e6 fxe6 41.Rc7 Rd2 42.Re1 Kg8
43.fxe6 Kf8 44.Rxd7 Rdxd7 45.exd7 {#r} 1-0

[Event "Zonal 2.5 2017"]
[Site "Villa Martelli ARG"]
[Date "2017.05.03"]
[Round "4.11"]
[White "Cuberli,E"]
[Black "Pierrot,Fac"]
[Result "0-1"]
[WhiteElo "2162"]
[BlackElo "2392"]

1.c4 Nf6 2.Nc3 d5 3.cxd5 Nxd5 4.g3 g6 5.Bg2 Nb6 6.Nf3 Bg7 7.O-O Nc6 8.d3 O-O
9.Be3 e5 10.Rc1 Nd4 11.b4 c6 12.a4 Bg4 13.Nd2 a5 14.b5 cxb5 15.Bxd4 Qxd4 16.h3
Bd7 17.axb5 a4 18.Bxb7 Ra7 19.Bg2 a3 20.Nb3 Qb4 21.Na2 Qd6 22.Rc5 Rc8 23.Nc3
Rxc5 24.Ne4 Qe7 25.Nbxc5 a2 26.Nb3 Qb4 27.Qc2 Be6 28.Ned2 Ra3 29.Na1 Rc3
30.Qd1 Bh6 31.Kh2 Qb2 32.Nc4 Nxc4 33.dxc4 Rxc4 34.Qd8+ Bf8 35.Qa8 Rc1 {#R} 0-1

[Event "Zonal 2.5 2017"]
[Site "Villa Martelli ARG"]
[Date "2017.05.03"]
[Round "4.12"]
[White "Della Morte,G"]
[Black "Kapitanchuk,Tomas"]
[Result "1-0"]
[WhiteElo "2375"]
[BlackElo "2095"]

1.e4 c5 2.Nf3 e6 3.d4 cxd4 4.Nxd4 Nc6 5.Nc3 Qc7 6.Be3 a6 7.Qf3 d6 8.Qg3 Bd7
9.Be2 b5 10.a3 Nf6 11.O-O Be7 12.Qxg7 Rg8 13.Qh6 Rg6 14.Qh4 h6 15.Nxc6 Bxc6
16.Qf4 Qb7 17.Bd3 O-O-O 18.g3 h5 19.b4 Rg4 20.Qf3 d5 21.exd5 Nxd5 22.Nxd5 Bxd5
23.Qxf7 Rf8 24.Qxh5 Rfg8 25.Be2 Rh4 26.Qe5 Qc6 27.c4 bxc4 28.Rac1 Re4 29.Qxe4
Bxe4 30.Rxc4 Kb7 31.Rxc6 Bxc6 32.Rc1 {#r} 1-0

[Event "Zonal 2.5 2017"]
[Site "Villa Martelli ARG"]
[Date "2017.05.03"]
[Round "4.16"]
[White "Anelli,A"]
[Black "Lopez Azambuja,N"]
[Result "0-1"]
[WhiteElo "2101"]
[BlackElo "2269"]

1.Nf3 Nf6 2.g3 e6 3.Bg2 Be7 4.O-O d5 5.d3 c5 6.Nbd2 Nc6 7.e4 b5 8.Re1 O-O 9.e5
Nd7 10.Nf1 Qc7 11.Qe2 Bb7 12.h4 Nd4 13.Nxd4 cxd4 14.Bf4 Rfc8 15.Rec1 Qb6
16.Nd2 Rc6 17.Nf3 Rac8 18.Qd2 b4 19.Bg5 Bf8 20.Kh1 a5 21.h5 R6c7 22.Bf4 a4
23.Bf1 Nb8 24.Be2 Nc6 25.g4 Na7 26.Rab1 Nb5 27.g5 Rc6 28.Ra1 Be7 29.Ne1 Kf8
30.Kh2 Ke8 31.Bg4 a3 32.b3 Nc3 33.Nf3 Nb5 34.Ne1 Qd8 35.Nf3 Kd7 36.Kg2 {#R}
0-1

[Event "Zonal 2.5 2017"]
[Site "Villa Martelli ARG"]
[Date "2017.05.03"]
[Round "4.20"]
[White "Bernal,G"]
[Black "Sabas,J"]
[Result "1-0"]
[WhiteElo "2061"]
[BlackElo "2229"]

1.d4 d5 2.c4 c6 3.Nf3 Nf6 4.Nc3 e6 5.e3 Nbd7 6.Bd3 dxc4 7.Bxc4 b5 8.Bb3 b4
9.Ne2 Bd6 10.O-O O-O 11.Qc2 c5 12.Rd1 Bb7 13.Ng3 Qe7 14.Qe2 a5 15.Bd2 cxd4
16.Nxd4 Nc5 17.Bc4 Nce4 18.Be1 Nxg3 19.hxg3 Be5 20.a3 Nd5 21.Nf3 Bd6 22.a4 Nb6
23.Bb5 Bc5 24.Ne5 Rfc8 25.Nd7 Rc7 26.Nxc5 Rxc5 27.Rac1 g6 28.f3 Rac8 29.Rxc5
Qxc5 30.Bf2 Qc2 31.Qxc2 Rxc2 32.e4 Nc4 33.Rd7 Nxb2 34.Rxb7 e5 35.Bb6 b3
36.Bxa5 Rc1+ 37.Kh2 Nd1 38.Be8 b2 39.Bxf7+ Kg7 40.Bb3+ Kf8 41.Bxd1 b1=Q
42.Rxb1 Rxb1 43.Be2 Ra1 44.Bb5 {#r} 1-0

[Event "Zonal 2.5 2017"]
[Site "Villa Martelli ARG"]
[Date "2017.05.03"]
[Round "4.21"]
[White "Jodorcovsky,P"]
[Black "Montero Martinez,C"]
[Result "1-0"]
[WhiteElo "2219"]
[BlackElo "2050"]

1.d4 d5 2.c4 dxc4 3.Nf3 Nf6 4.e3 e6 5.Bxc4 c5 6.O-O Nc6 7.Qe2 cxd4 8.Rd1 Be7
9.exd4 Qc7 10.Nc3 a6 11.Bg5 O-O 12.Rac1 h6 13.Bxf6 Bxf6 14.d5 exd5 15.Nxd5 Qd8
16.Qe4 Be6 17.Nf4 Qe7 18.Bxe6 Rfe8 19.Nd5 Qd8 20.Bxf7+ Kxf7 21.Qc4 Kf8 22.Nf4
{#r} 1-0

[Event "Zonal 2.5 2017"]
[Site "Villa Martelli ARG"]
[Date "2017.05.03"]
[Round "4.22"]
[White "Zacarias,M"]
[Black "Postolski,Javier"]
[Result "1-0"]
[WhiteElo "2188"]
[BlackElo "2020"]

1.e4 e6 2.d4 d5 3.e5 c5 4.c3 Nc6 5.Nf3 Qb6 6.a3 Nh6 7.b4 cxd4 8.cxd4 Nf5 9.Be3
Nxe3 10.fxe3 f6 11.exf6 gxf6 12.Nc3 Bh6 13.Kf2 Bd7 14.Na4 Qd8 15.Nc5 Bc8
16.Bb5 O-O 17.Bxc6 bxc6 18.Re1 e5 19.Kg1 e4 20.Nd2 Qe8 21.Nf1 Qg6 22.Ng3 f5
23.Nh5 f4 24.Nxf4 Bxf4 25.exf4 Rxf4 26.Qd2 Bh3 27.Re3 Rf3 28.Rxf3 exf3 29.g3
Re8 30.Re1 Rxe1+ 31.Qxe1 Kf7 32.Kf2 Bg4 33.Qd2 Kg7 34.Nd3 Qh5 35.h4 h6 36.Ne5
Qf5 37.Qd3 Qe6 38.Qc2 Qc8 39.Qxc6 Qf5 40.Qb7+ Kf8 41.Qb8+ Kg7 42.Qxa7+ Kf8
43.Qc5+ Kg7 44.Nxg4 {#r} 1-0

[Event "Zonal 2.5 2017"]
[Site "Villa Martelli ARG"]
[Date "2017.05.03"]
[Round "4.23"]
[White "Spata,G"]
[Black "Nejanky,M"]
[Result "1-0"]
[WhiteElo "2334"]
[BlackElo "2015"]

1.d4 Nf6 2.c4 c5 3.d5 b5 4.cxb5 a6 5.bxa6 g6 6.Nc3 Bxa6 7.e4 Bxf1 8.Kxf1 d6
9.g3 Bg7 10.Kg2 Nbd7 11.Nf3 O-O 12.a4 Nb6 13.Qe2 Qc8 14.Bd2 Qa6 15.Qxa6 Rxa6
16.b3 Nfd7 17.Rhc1 Rb8 18.Rab1 c4 19.bxc4 Nxc4 20.Rxb8+ Nxb8 21.Bg5 f6 22.Nd2
Nb6 23.Be3 N8d7 24.Rc2 f5 25.Ne2 Rxa4 26.Rc6 Ra2 27.Nc1 Rb2 28.Ncb3 Na4 29.Rc7
Nac5 30.Nxc5 Nxc5 31.exf5 gxf5 32.Rxe7 Bc3 33.Nc4 Bf6 34.Re8+ {#r} 1-0

[Event "Zonal 2.5 2017"]
[Site "Villa Martelli ARG"]
[Date "2017.05.03"]
[Round "4.24"]
[White "Arias,Juan Cruz"]
[Black "Fiori,A"]
[Result "1-0"]
[WhiteElo "2254"]
[BlackElo "2091"]

1.d4 e6 2.Nf3 d5 3.e3 c5 4.c3 Nc6 5.Nbd2 Nf6 6.Bd3 Bd6 7.O-O O-O 8.dxc5 Bxc5
9.b4 Bd6 10.Bb2 e5 11.e4 dxe4 12.Nxe4 Nxe4 13.Bxe4 f5 14.Bd5+ Kh8 15.b5 Ne7
16.c4 Ng6 17.c5 Bxc5 18.Nxe5 Nxe5 19.Bxe5 Qb6 20.Qb3 Bd4 21.Qb4 {#r} 1-0

[Event "Zonal 2.5 2017"]
[Site "Villa Martelli ARG"]
[Date "2017.05.03"]
[Round "4.26"]
[White "Sica,Mauro"]
[Black "Villarreal,H"]
[Result "1-0"]
[WhiteElo "2142"]
[BlackElo "2092"]

1.d4 d5 2.c4 c6 3.Nf3 e6 4.Nc3 f5 5.Bf4 Nf6 6.e3 Bb4 7.Bd3 Qa5 8.Qb3 Ne4 9.Rc1
O-O 10.a3 Bxc3+ 11.bxc3 Nd7 12.O-O Ndf6 13.Rc2 b6 14.Ne5 Bd7 15.cxd5 cxd5
16.Nxd7 Nxd7 17.f3 Nef6 18.Bd6 b5 19.Bxf8 Rxf8 20.Qxb5 Qxa3 21.Qb4 Qxb4
22.cxb4 Rb8 23.Rb1 a5 24.b5 Nb6 25.Rc6 Kf7 26.Rc7+ Nfd7 27.Ra7 a4 28.Bc2 g5
29.Bxa4 h6 30.Bd1 Ke7 31.Be2 Rc8 32.Rba1 Rc2 33.Kf1 Rd2 34.R1a6 Nc4 35.Bxc4
dxc4 36.Rc6 f4 37.exf4 Rxd4 38.fxg5 hxg5 39.b6 Kf6 40.b7 c3 41.Rxc3 Rb4 42.Rc8
{#r} 1-0

[Event "Zonal 2.5 2017"]
[Site "Villa Martelli ARG"]
[Date "2017.05.03"]
[Round "4.28"]
[White "Galleto,Ricardo"]
[Black "Aguero Arce,Matias"]
[Result "0-1"]
[WhiteElo "1982"]
[BlackElo "2124"]

1.e4 c5 2.Nf3 e6 3.d4 cxd4 4.c3 dxc3 5.Nxc3 a6 6.Bd3 d6 7.O-O Nf6 8.Bg5 Be7
9.Qe2 Nbd7 10.Rad1 Qc7 11.Rc1 Qb8 12.Bb1 b5 13.Rfe1 Ne5 14.Nd4 Qb6 15.Be3 Neg4
16.Nf5 Nxe3 17.Nxe7 Kxe7 18.Qf3 Neg4 19.h3 Ne5 20.Qg3 Bb7 21.Kh2 h5 22.Nd1
Rac8 23.Rxc8 Rxc8 24.f4 Ng6 25.e5 dxe5 26.fxe5 Nxe5 27.Qxe5 Qc7 28.Qxc7+ Rxc7
29.Ne3 g6 30.Kg3 Nd5 31.Nc2 Rc4 32.a3 h4+ 33.Kf2 Nf4 34.Ne3 Rd4 {#R} 0-1

[Event "Zonal 2.5 2017"]
[Site "Villa Martelli ARG"]
[Date "2017.05.03"]
[Round "4.29"]
[White "Vergara Rozas,J"]
[Black "Gras,C"]
[Result "1-0"]
[WhiteElo "2117"]
[BlackElo "1920"]

1.e4 d5 2.exd5 Qxd5 3.Nc3 Qa5 4.d4 Nf6 5.Bc4 c6 6.Nf3 Bg4 7.h3 Bxf3 8.Qxf3 e6
9.g4 Nbd7 10.Bd2 Qc7 11.g5 Nd5 12.Ne4 Bb4 13.c3 Be7 14.h4 Rf8 15.Qh5 O-O-O
16.Qxh7 g6 17.h5 N7b6 18.Bb3 gxh5 19.O-O-O Nf4 20.Kb1 Rh8 21.Qxf7 Rdf8
22.Bxe6+ Kb8 23.Bxf4 Qxf4 24.Qxf4+ Rxf4 25.Rde1 Nd5 26.g6 a5 27.Ng3 Rxf2
28.Rxh5 Rxh5 29.Nxh5 Nf6 30.g7 Bd6 31.Nxf6 {#r} 1-0

[Event "Zonal 2.5 2017"]
[Site "Villa Martelli ARG"]
[Date "2017.05.03"]
[Round "4.31"]
[White "Falcon,Benjamin"]
[Black "Bulgarini Torre,M"]
[Result "0-1"]
[WhiteElo "2075"]
[BlackElo "1890"]

1.e4 e6 2.d4 d5 3.Nd2 Nc6 4.Ngf3 Nf6 5.e5 Nd7 6.Nb3 f6 7.Bb5 a5 8.a4 fxe5
9.dxe5 Be7 10.Nbd4 Ndb8 11.O-O O-O 12.c3 Bd7 13.Bd3 Na6 14.Qc2 h6 15.Qe2 Nc5
16.Bc2 Qe8 17.Nb5 Rc8 18.Bd2 Qh5 19.Rae1 Be8 20.Nfd4 Qh4 21.Nxc6 Bxc6 22.Na7
Rb8 23.Nxc6 bxc6 24.b4 axb4 25.cxb4 Nd7 26.Qd3 Rf5 27.g3 Qh3 28.f3 Rxb4
29.Bxb4 Bxb4 30.Re2 Bc5+ 31.Kh1 Qxf1# 0-1

[Event "Zonal 2.5 2017"]
[Site "Villa Martelli ARG"]
[Date "2017.05.03"]
[Round "4.32"]
[White "Pierucci,F"]
[Black "Meza,A"]
[Result "0-1"]
[WhiteElo "1998"]
[BlackElo "2101"]

1.e4 c5 2.Nf3 e6 3.d4 cxd4 4.Nxd4 a6 5.c4 Nc6 6.Nc3 Bb4 7.Ne2 Nf6 8.a3 Be7
9.g3 Ne5 10.Nd4 O-O 11.f4 Ng6 12.Bg2 e5 13.Nf3 exf4 14.gxf4 Ng4 15.Qe2 Bh4+
16.Kf1 d6 17.f5 N4e5 18.Nxe5 Nxe5 19.Bf4 Re8 20.Nd5 b5 21.cxb5 axb5 22.Bxe5
Rxe5 23.Qg4 b4 24.Bf3 bxa3 25.bxa3 Ra4 26.Rg1 Ba6+ 27.Kg2 Rxd5 28.Kh1 Bf6
29.Rab1 Rd2 30.Rb3 d5 31.Qf4 Rc2 32.Rb8 Rc8 33.Rb4 Rxb4 34.axb4 dxe4 35.Qxe4
Rb8 36.Rd1 Qxd1+ {#R} 0-1